000 00673nam a2200217Ia 4500
005 20230413104743.0
008 131103s9999 xx 000 0 und d
040 _aLoreto College
041 _aEnglish
082 _a823.7
_bAUS-WAT
245 _aJane Austen
_b a collection of critical essays
_cedited by Ian Watt
260 _aEnglewood Cliffs
_bPrentice - Hall
_c1963
300 _avi,186 p.
440 _aTwentieth century views
504 _aIncludes bibliographical references
650 _aAusten,Jane - Criticism and Interpretation
651 _aEnglish Fiction - Criticism and Interpretation
700 _aWatt,Ian, ed.
850 _aLCLIB
942 _cBK
999 _c5601
_d56080